| 000 | 00910nam a2200277 a 4500 | ||
|---|---|---|---|
| 001 | 000044621 | ||
| 003 | DO-SdBNP | ||
| 005 | 20210527075514.0 | ||
| 008 | 141209s2014 dr 000 0 spa d | ||
| 020 | _a9789945475944 | ||
| 040 |
_aBPMSU _bspa _cBPMSU |
||
| 082 |
_aRD863.08 _bS715c _222 |
||
| 245 | 0 | 0 |
_aSospecha colectiva : _bantología del Taller Literario Narradores de Santo Domingo / _cEulogio Javier ... [ et al ]. |
| 260 |
_aSanto Domingo : _bDireccion General de la Feria del Libro, _c2014. |
||
| 300 |
_a207 p. ; _c23 cm. |
||
| 490 | 1 | _aEdiciones Ferilibro | |
| 650 | 4 |
_aCuentos dominicanos _vColecciones |
|
| 650 | 4 | _aLiteratura dominicana | |
| 650 | 4 |
_aVida cotidiana _vCuentos |
|
| 700 | 1 | _aJavier, Eulogio | |
| 710 | 2 |
_aDirección General de la Feria del Libro _d(2014 : _cSanto Domingo ) |
|
| 711 | 2 | _a | |
| 830 | 0 | _aEdiciones Ferilibro | |
| 910 | _aVMAteo | ||
| 942 |
_2ddc _cBK |
||
| 999 |
_c13539 _d13539 |
||